| 000 | 01104nam a22002897a 4500 | ||
|---|---|---|---|
| 005 | 20100531103655.0 | ||
| 008 | 100531t xxu||||| |||| 00| 0 eng d | ||
| 010 | _aENG-96205 | ||
| 020 |
_a9788121511681 _c695.00 |
||
| 035 | _aEN-79738 | ||
| 037 | _bDBAD/PUB | ||
| 040 |
_aDPL _bEng |
||
| 082 | _a297.40954 | ||
| 100 | _aHussain, Fatima | ||
| 245 |
_aThe war that wasn't : _bthe sufi and the Sultan / _cby Fatima Hussain |
||
| 260 |
_aNew Delhi _bMunshiram Manoharlal Publishers _c2009 |
||
| 270 |
_aPO Box 5715,54 Rani Jhansi Road, _bNew Delhi _e110055 |
||
| 300 |
_axii,245p, _c23 cm (Hb) |
||
| 500 | _aRevison of author’s thesis (Ph. D.--Jawaharlal Nehru University, 2002). | ||
| 500 | _aincludes index. | ||
| 546 | _aEnglish; Includes passages in Persian with English translation. | ||
| 650 |
_a Sufism | _zIndia _zHistory. |
||
| 650 |
_aIslam and politics. _z |
||
| 651 |
_a India _xHistory _y1000-1765. |
||
| 942 |
_2ddc _cEN _mHUS _h297.40954 |
||
| 999 |
_c36397 _d36397 |
||